000 00577cab a2200217 4500
001 WB3347-07
008 090401t1997 xxu||||| |||| 00| 0 eng d
035 _a(Sirsi) u82487
041 _aeng
245 _aNo tenants for Marble Arch
260 _c1997
350 _a0
490 _aDaily Telegraph
_v1 December 1997, 8(1)
520 _aMarble Arch has failed to attract any suitable tenants.
650 _aEMPTY BUILDINGS
650 _aGOVERNMENT BUILDINGS
650 _aMARBLE ARCH
690 _aPROPERTY-COMMERCIAL PROPERTY
942 _n0
948 _c03/12/1997
999 _c52091
_d52091